| 000 | 00537 a2200169 4500 | ||
|---|---|---|---|
| 040 | _aULA-LD-MS | ||
| 082 |
_b043.2 658.3/PAR/e _m3 |
||
| 100 |
_91096 _aPARES, Amaral Domingos |
||
| 245 | _aEtapas Da Implementação Dos Processos Da Gestão De Recursos Humanos Na DPPQ/EMG/FAA em Luanda | ||
| 250 | _a1ª Edição | ||
| 260 |
_aLuanda/Angola _cLuanda,/2021 _bUniversidade Lusíada de Angola |
||
| 300 | _a79p. | ||
| 600 | 0 | _aPARES, Amaral Domingos | |
| 650 | _aRecursos Humanos | ||
| 700 | _aAmaral Domingos Pares | ||
| 942 | _cTFC | ||
| 999 |
_c2272 _d2272 |
||